000 00416nam a2200181Ia 4500
003 OSt
005 20220524122442.0
008 210210b1919 xxu||||| |||| 00| 0 eng d
040 _cAL
041 _aeng
082 _a825/1056
100 _aBROWNING
_938743
245 _aChesterton
260 _aLondon
_bMacmillan & Co. Ltd.
_c1919
690 _aEnglish Criticism
_938744
906 _a015372
942 _2ddc
_cBK
999 _c134731
_d134731